[Event "Merida World Heritage op 3rd"]
[Site "Merida"]
[Date "2023.08.01"]
[Round "3"]
[White "Xu, Yuanyuan"]
[Black "Mendes, Modeste"]
[Result "1-0"]
[WhiteElo "2316"]
[BlackElo "1944"]
[PlyCount "89"]
[EventDate "2023.07.31"]
[EventType "swiss"]
[EventRounds "9"]
[EventCountry "ESP"]
[SourceTitle "CBM 215 Extra"]
[Source "ChessBase"]
[SourceDate "2023.09.30"]
[SourceVersion "1"]
[SourceVersionDate "2023.09.30"]
[SourceQuality "1"]

1. d4 d5 2. c4 Nf6 3. Nc3 c6 4. Nf3 g6 5. Bf4 Bg7 6. e3 0-0 7. h3 Nbd7 8. Rc1 dxc4 9. Bxc4 Nb6 10. Bb3 Nbd5 11. Be5 Nxc3 12. bxc3 h6 13. 0-0 Qa5 14. Nd2 Nd5 15. Nc4 Qd8 16. e4 Nb6 17. Bxg7 Kxg7 18. Ne5 a5 19. f4 a4 20. Bxf7 Rxf7 21. Nxf7 Kxf7 22. f5 Qg8 23. fxg6+ Kxg6 24. Rc2 Be6 25. Rcf2 Kh7 26. d5 cxd5 27. Qb1 Qg6 28. Qxb6 Rg8 29. Qxb7 Bxh3 30. Qxe7+ Rg7 31. Qh4 Bxg2 32. Rf6 Qg5 33. Qxg5 Rxg5 34. Rf7+ Kg6 35. R1f6+ Kh5 36. Rf5 Bxe4+ 37. Rxg5+ Kxg5 38. Ra7 Kf4 39. Rxa4 Kg3 40. Ra8 Kf3 41. a4 Ke3 42. Rc8 Bd3 43. a5 h5 44. Rc5 Ke4 45. Rc6 1-0

[Event "Lisbon Portugal rapid op"]
[Site "Lisbon"]
[Date "2019.02.10"]
[Round "8"]
[White "Carvalho, Vitor Hugo Pina Soa"]
[Black "Mendes, Modeste"]
[Result "0-1"]
[WhiteElo "1868"]
[BlackElo "1981"]
[PlyCount "64"]
[EventDate "2019.02.10"]
[EventType "swiss (rapid)"]
[EventRounds "8"]
[EventCountry "POR"]
[SourceTitle "CBM 188 Extra"]
[Source "ChessBase"]
[SourceDate "2019.02.26"]
[SourceVersion "1"]
[SourceVersionDate "2019.02.26"]
[SourceQuality "1"]

1. e4 c5 2. Nf3 Nc6 3. d4 cxd4 4. Nxd4 Nf6 5. Nc3 a6 6. Bg5 Qb6 7. Nb3 e6 8. Bxf6 gxf6 9. Qd2 h5 10. f4 a5 11. Nb5 a4 12. N3d4 a3 13. b3 Bc5 14. Nxc6 bxc6 15. Nd6+ Ke7 16. Nc4 Qa7 17. e5 fxe5 18. fxe5 Ba6 19. Qg5+ Kf8 20. Qf6 Rg8 21. 0-0-0 Rg6 22. Qh8+ Ke7 23. Qxh5 Bxc4 24. Bxc4 Rag8 25. Rhf1 R8g7 26. g3 Rg4 27. Rxf7+ Rxf7 28. Qxg4 Be3+ 29. Kb1 Qa5 30. c3 Qxc3 31. Qe2 Rf2 32. Qxe3 Qb2# 0-1

[Event "Lisbon Portugal op"]
[Site "Lisbon"]
[Date "2018.02.06"]
[Round "6"]
[White "Olcum, Ahmet"]
[Black "Mendes, Modeste"]
[Result "1-0"]
[WhiteElo "2267"]
[BlackElo "2039"]
[PlyCount "55"]
[EventDate "2018.02.03"]
[EventType "swiss"]
[EventRounds "9"]
[EventCountry "POR"]
[SourceTitle "CBM 182 Extra"]
[Source "ChessBase"]
[SourceDate "2018.02.23"]
[SourceVersion "1"]
[SourceVersionDate "2018.02.23"]
[SourceQuality "1"]

1. d4 Nf6 2. Nf3 d5 3. Bf4 Bf5 4. e3 Nbd7 5. c4 c6 6. Nc3 dxc4 7. Bxc4 e6 8. 0-0 Nd5 9. Bg3 N7b6 10. Bd3 Nb4 11. e4 Nxd3 12. exf5 Nxb2 13. Qe2 N2c4 14. fxe6 f6 15. Nh4 g6 16. Nf5 Be7 17. d5 cxd5 18. Nxe7 Kxe7 19. Rad1 Rc8 20. Qf3 Kxe6 21. Rfe1+ Kf7 22. Nxd5 Nxd5 23. Rxd5 Re8 24. Red1 Qe7 25. Rd7 Qxd7 26. Rxd7+ Kg8 27. h4 Rc6 28. Qd5+ 1-0

[Event "Lisbon Portugal op"]
[Site "Lisbon"]
[Date "2018.02.04"]
[Round "3"]
[White "Mendes, Modeste"]
[Black "Barrento, Jorge Maria Lopes"]
[Result "0-1"]
[WhiteElo "2039"]
[BlackElo "1700"]
[PlyCount "150"]
[EventDate "2018.02.03"]
[EventType "swiss"]
[EventRounds "9"]
[EventCountry "POR"]
[SourceTitle "EXT 2019"]
[Source "ChessBase"]
[SourceDate "2018.10.10"]
[SourceVersion "1"]
[SourceVersionDate "2018.10.10"]
[SourceQuality "1"]

1. d4 Nf6 2. c4 e5 3. dxe5 Ng4 4. Qd4 d6 5. exd6 Nc6 6. Qe4+ Be6 7. dxc7 Qxc7 8. e3 Nf6 9. Qc2 Nb4 10. Qa4+ Bd7 11. Qb3 a5 12. a3 a4 13. Qd1 Na6 14. Nf3 Nc5 15. Nd4 Bd6 16. h3 0-0 17. Nc3 Be5 18. Be2 Bc6 19. Ncb5 Qd7 20. 0-0 Bxb5 21. Nxb5 Nb3 22. Rb1 Qxd1 23. Rxd1 Rfd8 24. f4 Rxd1+ 25. Bxd1 Bb8 26. Bxb3 axb3 27. Nd4 Ba7 28. Nxb3 Rd8 29. Kf2 Ne4+ 30. Kf3 f5 31. Ke2 Ng3+ 32. Ke1 Rd3 33. Na5 Ne4 34. Ke2 Rd8 35. Ra1 Ng3+ 36. Kf3 Ne4 37. b4 Rd1 38. Bb2 Rd2 39. Rf1 Rxb2 40. c5 Nd2+ 41. Kf2 Nxf1+ 42. Kxf1 Kf7 43. Nxb7 Rb3 44. Ke2 Rxa3 45. Nd6+ Ke6 46. Nb5 Ra2+ 47. Kf3 Kd7 48. g4 fxg4+ 49. hxg4 Bb8 50. Nd4 Ba7 51. f5 Rb2 52. c6+ Kc7 53. Nb5+ Kb6 54. c7 Rc2 55. Nd6 Rxc7 56. e4 Rc3+ 57. Kg2 Bb8 58. Nf7 Rg3+ 59. Kf2 Rxg4 60. Ke3 h5 61. e5 Bxe5 62. Nxe5 Rxb4 63. f6 gxf6 64. Nd7+ Kc6 65. Nxf6 h4 66. Kf3 Kd6 67. Nh7 Ke5 68. Ng5 Kf5 69. Nh3 Rb3+ 70. Kg2 Ra3 71. Kh2 Ra2+ 72. Kg1 Kg4 73. Nf2+ Kf3 74. Nd3 Kg3 75. Kf1 h3 0-1

[Event "Caparica op 2nd"]
[Site "Caparica"]
[Date "2017.06.25"]
[Round "6"]
[White "Mendes, Modeste"]
[Black "Martins, Bruno Andre Leite"]
[Result "1/2-1/2"]
[WhiteElo "2003"]
[BlackElo "2033"]
[PlyCount "136"]
[EventDate "2017.06.21"]
[EventType "swiss"]
[EventRounds "7"]
[EventCountry "POR"]
[SourceTitle "EXT 2018"]
[Source "ChessBase"]
[SourceDate "2017.10.13"]
[SourceVersion "1"]
[SourceVersionDate "2017.10.13"]
[SourceQuality "1"]

1. e4 c5 2. f4 Nc6 3. Nf3 g6 4. Bc4 Bg7 5. 0-0 d6 6. Nc3 e6 7. d3 Nge7 8. Ne2 0-0 9. c3 d5 10. Bb3 dxe4 11. dxe4 Qxd1 12. Rxd1 b6 13. Be3 Ba6 14. Kf2 Rfd8 15. g4 Na5 16. Ng3 Bb7 17. f5 exf5 18. gxf5 Nxb3 19. axb3 Nc6 20. Bf4 Na5 21. Rxd8+ Rxd8 22. Nd2 Be5 23. Be3 Bc8 24. Rg1 Kf8 25. Bh6+ Ke8 26. Re1 f6 27. Be3 Kf7 28. fxg6+ hxg6 29. Ra1 Be6 30. Ngf1 Rc8 31. Ra3 Bd6 32. Ng3 Nc6 33. Kg2 a5 34. Ra1 Rh8 35. Rd1 Ke7 36. Rh1 Ne5 37. Bf4 Nd3 38. Bxd6+ Kxd6 39. Rd1 Ke7 40. Rb1 Nf4+ 41. Kf3 Rxh2 42. Ngf1 Rh4 43. Ne3 Nd3 44. Nec4 Bxc4 45. bxc4 Rh3+ 46. Ke2 Nf4+ 47. Ke1 Rh1+ 48. Nf1 Nd3+ 49. Ke2 Ne5 50. b3 Rh4 51. Ke3 Rh3+ 52. Kd2 Ng4 53. b4 axb4 54. cxb4 Ne5 55. Ne3 Rh2+ 56. Kc3 Rh3 57. Kd2 Rh2+ 58. Kc3 Rh4 59. bxc5 bxc5 60. Nd5+ Kd6 61. Rb6+ Nc6 62. Nxf6 Rf4 63. e5+ Kxe5 64. Rxc6 Rf3+ 65. Kd2 Rxf6 66. Rxc5+ Kd4 67. Rc8 Rf2+ 68. Ke1 Rc2 1/2-1/2

[Event "Caparica op 2nd"]
[Site "Caparica"]
[Date "2017.06.24"]
[Round "5"]
[White "Mendes, Modeste"]
[Black "Machado, Tiago Candido Leita"]
[Result "1-0"]
[WhiteElo "2003"]
[BlackElo "1346"]
[PlyCount "55"]
[EventDate "2017.06.21"]
[EventType "swiss"]
[EventRounds "7"]
[EventCountry "POR"]
[SourceTitle "EXT 2018"]
[Source "ChessBase"]
[SourceDate "2017.10.13"]
[SourceVersion "1"]
[SourceVersionDate "2017.10.13"]
[SourceQuality "1"]

1. e4 e6 2. f4 d5 3. e5 Nc6 4. d4 Nh6 5. Nf3 Be7 6. Be3 Nf5 7. Bf2 Bb4+ 8. c3 Ba5 9. Bd3 0-0 10. Qc2 h6 11. Nbd2 a6 12. g4 Nfe7 13. f5 f6 14. exf6 Rxf6 15. Bh4 Qf8 16. Bxf6 Qxf6 17. 0-0-0 exf5 18. gxf5 Nxf5 19. Rde1 Bd7 20. Ne5 Nxe5 21. Rxe5 Ne7 22. Rf1 Qd6 23. Nb3 Nc6 24. Re3 Rf8 25. Ref3 Rxf3 26. Rxf3 Qe7 27. Qf2 Nd8 28. Nxa5 1-0

[Event "Lisbon Portugal op"]
[Site "Lisbon"]
[Date "2017.02.08"]
[Round "7"]
[White "Strugnell, Carl"]
[Black "Mendes, Modeste"]
[Result "1-0"]
[WhiteElo "2255"]
[BlackElo "1999"]
[PlyCount "69"]
[EventDate "2017.02.04"]
[EventType "swiss"]
[EventRounds "9"]
[EventCountry "POR"]
[SourceTitle "CBM 176 Extra"]
[Source "ChessBase"]
[SourceDate "2017.03.02"]
[SourceVersion "1"]
[SourceVersionDate "2017.03.02"]
[SourceQuality "1"]

1. e4 e6 2. d4 d5 3. Nc3 Bb4 4. e5 c5 5. Bd2 cxd4 6. Nb5 Bc5 7. Qg4 Kf8 8. Nf3 Nc6 9. Qf4 Qb6 10. a4 a5 11. h4 Bd7 12. h5 h6 13. Rh3 Nge7 14. Nh4 Nf5 15. Rf3 Be7 16. Nxf5 exf5 17. Rb3 Bb4 18. 0-0-0 Re8 19. Re1 Bxd2+ 20. Kxd2 Qc5 21. Bd3 g5 22. hxg6 fxg6 23. Nd6 Nb4 24. e6 Rxe6 25. Rxe6 Bxe6 26. Qe5 Ke7 27. Nxf5+ gxf5 28. Qxh8 b5 29. Qg7+ Kd8 30. Qf6+ Kd7 31. Bxb5+ Kc7 32. Qe5+ Kd8 33. Qf6+ Kc7 34. c3 Qd6 35. Qxd4 1-0

[Event "Lisbon Portugal op"]
[Site "Lisbon"]
[Date "2017.02.06"]
[Round "5"]
[White "Mendes, Modeste"]
[Black "Reis, Luis Sousa"]
[Result "0-1"]
[WhiteElo "1999"]
[BlackElo "2149"]
[PlyCount "26"]
[EventDate "2017.02.04"]
[EventType "swiss"]
[EventRounds "9"]
[EventCountry "POR"]
[SourceTitle "CBM 176 Extra"]
[Source "ChessBase"]
[SourceDate "2017.03.02"]
[SourceVersion "1"]
[SourceVersionDate "2017.03.02"]
[SourceQuality "1"]

1. d4 Nf6 2. c4 e5 3. dxe5 Ng4 4. Qd4 d6 5. exd6 Bxd6 6. Qe4+ Be6 7. Qxb7 Nd7 8. Qe4 Nc5 9. Qc2 Nxf2 10. Kxf2 Qh4+ 11. g3 Ne4+ 12. Ke1 Bxg3+ 13. Kd1 Nf2+ 0-1

[Event "Lisbon Portugal op"]
[Site "Lisbon"]
[Date "2017.02.05"]
[Round "4"]
[White "Fortunato, Antonio Eduardo"]
[Black "Mendes, Modeste"]
[Result "0-1"]
[WhiteElo "1659"]
[BlackElo "1999"]
[PlyCount "142"]
[EventDate "2017.02.04"]
[EventType "swiss"]
[EventRounds "9"]
[EventCountry "POR"]
[SourceTitle "CBM 176 Extra"]
[Source "ChessBase"]
[SourceDate "2017.03.02"]
[SourceVersion "1"]
[SourceVersionDate "2017.03.02"]
[SourceQuality "1"]

1. e4 e6 2. d4 d5 3. Nd2 c5 4. c3 cxd4 5. cxd4 Bb4 6. e5 Qb6 7. Ngf3 Nc6 8. a3 Bxd2+ 9. Qxd2 Nge7 10. Bd3 Bd7 11. Bc2 Rc8 12. b4 a5 13. bxa5 Nxa5 14. 0-0 Nb3 15. Bxb3 Qxb3 16. Qf4 0-0 17. Bd2 Ng6 18. Qg3 Rc2 19. h4 Qd3 20. Bb4 Re8 21. h5 Ne7 22. Bxe7 Rxe7 23. Qg5 Re8 24. Ne1 Qd2 25. Qxd2 Rxd2 26. Nf3 Rd3 27. Rfb1 Bc6 28. Rd1 Rc3 29. Rdc1 Rc4 30. Rd1 Ba4 31. Rdb1 b5 32. Re1 Ra8 33. Re3 Bc2 34. Ne1 Bf5 35. f3 h6 36. g4 Bh7 37. Rb3 b4 38. Nd3 Bxd3 39. Rxd3 bxa3 40. Raxa3 Rxa3 41. Rxa3 Rxd4 42. Kf2 f5 43. exf6 gxf6 44. Ra8+ Kf7 45. Ra7+ Kf8 46. Rh7 Kg8 47. Rxh6 Kg7 48. Rg6+ Kf7 49. Rh6 e5 50. Rh7+ Ke6 51. h6 Rd2+ 52. Kg3 Rd1 53. Rh8 Kf7 54. Rh7+ Kg6 55. Rh8 d4 56. Rf8 Rh1 57. g5 Kxg5 58. Rg8+ Kf5 59. Rh8 Kg6 60. Rg8+ Kh7 61. Rg7+ Kxh6 62. Rf7 Kg6 63. Rd7 Re1 64. Kf2 Re3 65. f4 Kf5 66. fxe5 fxe5 67. Rh7 Ke4 68. Rd7 d3 69. Ra7 Rf3+ 70. Ke1 Ke3 71. Ra2 d2+ 0-1

[Event "Lisbon Honra"]
[Site "Lisbon"]
[Date "2016.06.07"]
[Round "3"]
[White "Baptista, Ana Filipa"]
[Black "Mendes, Modeste"]
[Result "0-1"]
[WhiteElo "2139"]
[BlackElo "1930"]
[PlyCount "34"]
[EventDate "2016.06.05"]
[EventType "tourn"]
[EventRounds "9"]
[EventCountry "POR"]
[SourceTitle "EXT 2018"]
[Source "ChessBase"]
[SourceDate "2017.10.13"]
[SourceVersion "1"]
[SourceVersionDate "2017.10.13"]
[SourceQuality "1"]

1. e4 e6 2. d4 d5 3. Nd2 Nf6 4. e5 Nfd7 5. Bd3 c5 6. c3 Nc6 7. Ne2 f6 8. Nf4 Qe7 9. Qh5+ Qf7 10. Qh3 cxd4 11. cxd4 Nxd4 12. exf6 Qxf6 13. Ng6 hxg6 14. Qxh8 Nc5 15. Qh3 e5 16. Qe3 Nxd3+ 17. Qxd3 Bf5 0-1

[Event "Portugal op"]
[Site "Oeiras"]
[Date "2015.09.04"]
[Round "8"]
[White "Cordovil, Joao Maria"]
[Black "Mendes, Modeste"]
[Result "1-0"]
[WhiteElo "2160"]
[BlackElo "1816"]
[PlyCount "71"]
[EventDate "2015.08.30"]
[EventType "swiss"]
[EventRounds "9"]
[EventCountry "POR"]
[SourceTitle "EXT 2016"]
[Source "ChessBase"]
[SourceDate "2015.10.08"]
[SourceVersion "1"]
[SourceVersionDate "2015.10.08"]
[SourceQuality "1"]

1. d4 e6 2. Nf3 Nf6 3. Bf4 d5 4. e3 c5 5. c3 c4 6. Nbd2 b5 7. Ne5 Nbd7 8. g4 Nxe5 9. Bxe5 Nd7 10. Bg3 Bb7 11. Bg2 Rc8 12. 0-0 h5 13. h3 hxg4 14. hxg4 Qg5 15. f4 Qg6 16. g5 a5 17. Nf3 f6 18. Nh4 Qf7 19. g6 Qg8 20. f5 e5 21. b3 e4 22. Rb1 Ba6 23. Rf2 Nb6 24. Bf1 Kd7 25. Ng2 Be7 26. Nf4 Bd6 27. Qg4 Bxf4 28. Qxf4 Rc6 29. bxc4 Nxc4 30. Bxc4 bxc4 31. Rfb2 Qf8 32. Rb7+ Kd8 33. Qb8+ Rc8 34. Bc7+ Kd7 35. Bxa5+ Bxb7 36. Qxb7+ 1-0

[Event "Portugal op"]
[Site "Oeiras"]
[Date "2015.09.01"]
[Round "4"]
[White "Santos, Antonio Pereira"]
[Black "Mendes, Modeste"]
[Result "1-0"]
[WhiteElo "2288"]
[BlackElo "1816"]
[PlyCount "55"]
[EventDate "2015.08.30"]
[EventType "swiss"]
[EventRounds "9"]
[EventCountry "POR"]
[SourceTitle "EXT 2016"]
[Source "ChessBase"]
[SourceDate "2015.10.08"]
[SourceVersion "1"]
[SourceVersionDate "2015.10.08"]
[SourceQuality "1"]

1. d4 e6 2. c4 d5 3. Nf3 Nf6 4. g3 Nbd7 5. Bg2 c5 6. cxd5 Nxd5 7. 0-0 Qb6 8. e4 N5f6 9. d5 Nxe4 10. dxe6 fxe6 11. Re1 Ndf6 12. Rxe4 Nxe4 13. Qa4+ Bd7 14. Qxe4 Bd6 15. Nc3 0-0-0 16. Bg5 Rdf8 17. Nd2 Qa6 18. Nc4 Bc7 19. Rd1 Re8 20. Rxd7 Kxd7 21. Na4 Bd6 22. Nxd6 Kxd6 23. Nxc5 Qb5 24. Qd4+ Kc7 25. Bf4+ e5 26. Bxe5+ Rxe5 27. Qxe5+ Kb6 28. Qd6+ 1-0

[Event "Portugal op"]
[Site "Oeiras"]
[Date "2015.08.31"]
[Round "2"]
[White "Rodriguez Lopez, Rafael"]
[Black "Mendes, Modeste"]
[Result "1-0"]
[WhiteElo "2255"]
[BlackElo "1816"]
[PlyCount "85"]
[EventDate "2015.08.30"]
[EventType "swiss"]
[EventRounds "9"]
[EventCountry "POR"]
[SourceTitle "EXT 2016"]
[Source "ChessBase"]
[SourceDate "2015.10.08"]
[SourceVersion "1"]
[SourceVersionDate "2015.10.08"]
[SourceQuality "1"]

1. e4 e6 2. d4 d5 3. Nc3 Nf6 4. Bg5 Be7 5. e5 Nfd7 6. Bxe7 Qxe7 7. f4 a6 8. Qd2 c5 9. dxc5 Nxc5 10. Nf3 Nc6 11. 0-0-0 b5 12. Bd3 Bb7 13. Kb1 0-0-0 14. Qf2 Kb8 15. Ne2 Na4 16. Ned4 Na5 17. Ka1 Nc4 18. Rb1 Ncxb2 19. Rxb2 Nxb2 20. Kxb2 Qb4+ 21. Nb3 Qxf4 22. Qb6 Rc8 23. Nfd4 Rc7 24. Qd6 Qh4 25. Rf1 Rd8 26. Qb6 Rdc8 27. Na5 Qe7 28. a3 Ka8 29. Nxb7 Rxb7 30. Qxa6+ Kb8 31. Nc6+ Rxc6 32. Qxc6 Qh4 33. Rxf7 Rxf7 34. Qe8+ Kc7 35. Qxf7+ Kd8 36. Qf8+ Kc7 37. Qxg7+ Kb6 38. Qf6 Qd4+ 39. Ka2 Qg4 40. h3 Qxg2 41. Qxe6+ Kc5 42. Qd6+ Kd4 43. e6 1-0

[Event "Lisbon Check Mate op 3rd"]
[Site "Lisbon"]
[Date "2015.08.09"]
[Round "3"]
[White "Mendes, Modeste"]
[Black "Reis, Luis Sousa"]
[Result "1-0"]
[WhiteElo "1816"]
[BlackElo "2196"]
[PlyCount "109"]
[EventDate "2015.08.08"]
[EventType "swiss"]
[EventRounds "7"]
[EventCountry "POR"]
[SourceTitle "EXT 2017"]
[Source "ChessBase"]
[SourceDate "2016.10.25"]
[SourceVersion "1"]
[SourceVersionDate "2016.10.25"]
[SourceQuality "1"]

1. d4 Nf6 2. Nd2 d5 3. c4 c5 4. dxc5 d4 5. Nb3 Nc6 6. e3 e5 7. exd4 exd4 8. Bg5 h6 9. Bxf6 Qxf6 10. Bd3 Be7 11. Ne2 0-0 12. 0-0 Rd8 13. Qd2 Qe5 14. Rfe1 Qc7 15. Qf4 Qxf4 16. Nxf4 Bf8 17. Rad1 Bg4 18. f3 Bd7 19. Kf1 Rac8 20. Be4 a5 21. Bxc6 Bxc6 22. Nxa5 Bxc5 23. Nxc6 Rxc6 24. Nd3 Bd6 25. b3 Bxh2 26. Nb4 Re6 27. Nd5 Be5 28. a4 g5 29. Re4 Bg7 30. Rde1 Red6 31. Re7 Rxd5 32. cxd5 Rxd5 33. Rxb7 d3 34. Rd1 d2 35. Rc7 Be5 36. Rc2 Bf4 37. g3 Bxg3 38. Rdxd2 Rf5 39. Kg2 Bf4 40. Rd1 h5 41. b4 h4 42. Rc4 Rf6 43. b5 h3+ 44. Kxh3 Be3 45. Rc8+ Kg7 46. Kg2 Rh6 47. a5 Bf4 48. Rh1 Rd6 49. Rc2 Rd5 50. Rb1 f5 51. a6 g4 52. a7 Rd8 53. b6 Rh8 54. Rh1 gxf3+ 55. Kxf3 1-0

[Event "Lisbon Christmas op"]
[Site "Lisbon"]
[Date "2014.12.30"]
[Round "9"]
[White "Guerreiro, Jose Velho"]
[Black "Mendes, Modeste"]
[Result "0-1"]
[WhiteElo "1347"]
[BlackElo "1763"]
[PlyCount "40"]
[EventDate "2014.12.26"]
[EventType "swiss"]
[EventRounds "9"]
[EventCountry "POR"]
[SourceTitle "EXT 2018"]
[Source "ChessBase"]
[SourceDate "2017.10.13"]
[SourceVersion "1"]
[SourceVersionDate "2017.10.13"]
[SourceQuality "1"]

1. d4 c5 2. c4 cxd4 3. Qxd4 Nc6 4. Qd1 Nf6 5. Nc3 e5 6. e3 Bb4 7. Bd2 0-0 8. Nge2 d6 9. a3 Ba5 10. g3 Bg4 11. Bg2 Qd7 12. 0-0 Bh3 13. Bxh3 Qxh3 14. f3 Ne7 15. Qa4 Bb6 16. Nb5 Nf5 17. Qb3 e4 18. fxe4 Ng4 19. Rfd1 Qxh2+ 20. Kf1 Qf2# 0-1

[Event "Lisbon Christmas op"]
[Site "Lisbon"]
[Date "2014.12.27"]
[Round "2"]
[White "Mendes, Modeste"]
[Black "Pereira, Antonio Pedro Caram"]
[Result "0-1"]
[WhiteElo "1763"]
[BlackElo "2071"]
[PlyCount "50"]
[EventDate "2014.12.26"]
[EventType "swiss"]
[EventRounds "9"]
[EventCountry "POR"]
[SourceTitle "EXT 2018"]
[Source "ChessBase"]
[SourceDate "2017.10.13"]
[SourceVersion "1"]
[SourceVersionDate "2017.10.13"]
[SourceQuality "1"]

1. d4 Nf6 2. c4 e6 3. Nf3 b6 4. Nc3 Bb4 5. Bg5 h6 6. Bh4 Bb7 7. e3 Bxc3+ 8. bxc3 d6 9. Bd3 Qe7 10. Qc2 Nbd7 11. a4 a5 12. 0-0 e5 13. e4 g5 14. Bg3 Nh5 15. Rfe1 Nf4 16. Bf1 Qf6 17. c5 dxc5 18. Bb5 Bc6 19. dxe5 Qe6 20. Bxc6 Qxc6 21. Qd2 Qe6 22. Red1 Rg8 23. Nh4 h5 24. Ng6 f5 25. Ne7 Kxe7 0-1

[Event "POR-ch U20"]
[Site "Braga"]
[Date "2013.08.04"]
[Round "3.2"]
[White "Mendes, Modeste"]
[Black "Margarido, Jose Miguel Teixeir"]
[Result "0-1"]
[WhiteElo "1767"]
[BlackElo "1970"]
[PlyCount "80"]
[EventDate "2013.08.02"]
[EventType "swiss"]
[EventRounds "7"]
[EventCountry "POR"]
[SourceTitle "EXT 2015"]
[Source "ChessBase"]
[SourceDate "2014.11.20"]
[SourceVersion "1"]
[SourceVersionDate "2014.11.20"]
[SourceQuality "1"]

1. d4 Nf6 2. c4 e6 3. Nf3 b6 4. e3 Bb4+ 5. Bd2 Qe7 6. Bd3 Bb7 7. a3 Bxd2+ 8. Nbxd2 0-0 9. 0-0 d6 10. Qc2 e5 11. d5 Nbd7 12. b4 g6 13. h3 Nh5 14. g4 Ng7 15. e4 Qf6 16. Kg2 Qf4 17. Nb3 f5 18. Nh2 h5 19. f3 Qg5 20. Qd2 f4 21. Qf2 hxg4 22. hxg4 Kf7 23. Rh1 Nf6 24. Nd2 Ngh5 25. Ndf1 a5 26. b5 Rh8 27. Ra2 Rh7 28. Rg1 Rah8 29. Rh1 Bc8 30. Be2 Bd7 31. Bd1 Kg7 32. Kg1 Ng3 33. Nxg3 fxg3 34. Qxg3 Rh3 35. Qg2 Qf4 36. Qd2 Qg3+ 37. Kf1 Nxg4 38. fxg4 Rf8+ 39. Bf3 Rxf3+ 40. Nxf3 Qxf3+ 0-1

[Event "POR-ch prel"]
[Site "Lisbon"]
[Date "2013.07.20"]
[Round "8.25"]
[White "Ferreira, Hugo Miguel da Cost"]
[Black "Mendes, Modeste"]
[Result "1-0"]
[WhiteElo "1807"]
[BlackElo "1770"]
[PlyCount "49"]
[EventDate "2013.07.15"]
[EventType "swiss"]
[EventRounds "9"]
[EventCountry "POR"]
[SourceTitle "EXT 2015"]
[Source "ChessBase"]
[SourceDate "2014.11.20"]
[SourceVersion "1"]
[SourceVersionDate "2014.11.20"]
[SourceQuality "1"]

1. d4 e6 2. c4 d5 3. Nc3 Nf6 4. Bg5 Be7 5. e3 0-0 6. Nf3 h6 7. Bh4 Nbd7 8. cxd5 exd5 9. Bd3 c6 10. Rb1 Re8 11. b4 a6 12. 0-0 b5 13. Qc2 Bb7 14. Rfc1 Bd6 15. Bf5 Nb8 16. a4 Qe7 17. Qb3 g6 18. Bd3 Kg7 19. e4 dxe4 20. Nxe4 Nbd7 21. Nxd6 Qxd6 22. Bg3 Qe6 23. axb5 cxb5 24. Ne5 Qb6 25. Qxf7+ 1-0

[Event "POR-ch prel"]
[Site "Lisbon"]
[Date "2013.07.20"]
[Round "7.21"]
[White "Mendes, Modeste"]
[Black "Curado, Manuel Joao Ferro"]
[Result "0-1"]
[WhiteElo "1770"]
[BlackElo "1941"]
[PlyCount "48"]
[EventDate "2013.07.15"]
[EventType "swiss"]
[EventRounds "9"]
[EventCountry "POR"]
[SourceTitle "EXT 2015"]
[Source "ChessBase"]
[SourceDate "2014.11.20"]
[SourceVersion "1"]
[SourceVersionDate "2014.11.20"]
[SourceQuality "1"]

1. d4 Nf6 2. c4 d5 3. Nc3 c6 4. e3 Bf5 5. cxd5 cxd5 6. Qb3 e6 7. Qxb7 Nbd7 8. Bb5 Rb8 9. Qxa7 Bb4 10. Qa4 Bxc3+ 11. bxc3 0-0 12. Bxd7 Nxd7 13. Ba3 Qg5 14. Bxf8 Qxg2 15. Bb4 Qxh1 16. 0-0-0 Nf6 17. Qa7 Re8 18. Qc7 Qe4 19. Kd2 Qc2+ 20. Ke1 Ne4 21. Qf4 Bg4 22. Ra1 Qb2 23. Kf1 Qxa1+ 24. Kg2 Qd1 0-1